Interrogating development : (Record no. 1041)
[ view plain ]
| 000 -LEADER | |
|---|---|
| fixed length control field | 01624nam a2200301 a 4500 |
| 005 - DATE AND TIME OF LATEST TRANSACTION | |
| control field | 20260112063232.0 |
| 020 ## - INTERNATIONAL STANDARD BOOK NUMBER | |
| International Standard Book Number | 9780761935759 (paper back) |
| 020 ## - INTERNATIONAL STANDARD BOOK NUMBER | |
| International Standard Book Number | 0761935754 (paper back) |
| 020 ## - INTERNATIONAL STANDARD BOOK NUMBER | |
| International Standard Book Number | 9788178297361 (India-pbk.) |
| 020 ## - INTERNATIONAL STANDARD BOOK NUMBER | |
| International Standard Book Number | 8178297361 (India-pbk.) |
| 039 ## - LEVEL OF BIBLIOGRAPHIC CONTROL AND CODING DETAIL [OBSOLETE] | |
| Level of rules in bibliographic description | 202110041006 |
| Level of effort used to assign nonsubject heading access points | staff |
| Level of effort used to assign subject headings | 201302061720 |
| Level of effort used to assign classification | staff |
| Level of effort used to assign subject headings | 200908032200 |
| Level of effort used to assign classification | staff |
| -- | 200908032200 |
| -- | staff |
| 050 ## - LIBRARY OF CONGRESS CALL NUMBER | |
| Classification number | 362.87 |
| Item number | HUS |
| 082 ## - DEWEY DECIMAL CLASSIFICATION NUMBER | |
| Classification number | 362.87 |
| Item number | HUS [ Shelf 76] |
| 100 ## - MAIN ENTRY--PERSONAL NAME | |
| Personal name | Hussain, Monirul, |
| Dates associated with a name | 1952- |
| 245 ## - TITLE STATEMENT | |
| Title | Interrogating development : |
| Remainder of title | state, displacement and popular resistance in North East India / |
| Statement of responsibility, etc. | Monirul Hussain. |
| 260 ## - PUBLICATION, DISTRIBUTION, ETC. | |
| Place of publication, distribution, etc. | New Delhi, India ; |
| -- | Thousand Oaks, Calif. : |
| Name of publisher, distributor, etc. | SAGE Publications, |
| Date of publication, distribution, etc. | 2008. |
| 300 ## - PHYSICAL DESCRIPTION | |
| Extent | 174 p. : |
| Other physical details | ill. ; |
| Dimensions | 22 cm. |
| 440 ## - SERIES STATEMENT/ADDED ENTRY--TITLE | |
| Title | Sage studies on India's North East |
| 504 ## - BIBLIOGRAPHY, ETC. NOTE | |
| Bibliography, etc. note | Includes bibliographical references (p. [156]-169) and index. |
| 505 ## - FORMATTED CONTENTS NOTE | |
| Formatted contents note | Introduction -- Imposing development : introducing the incomplete dossier of displacement -- Hard-hitting reality : development-induced displacement of population in post-colonial Assam -- Development, dam and displacement : resistance from the threatened -- Conclusion : new politics of development : interface between the state and the people. |
| 650 ## - SUBJECT ADDED ENTRY--TOPICAL TERM | |
| Topical term or geographic name entry element | Internally displaced persons |
| Geographic subdivision | India |
| -- | Assam |
| General subdivision | Social conditions. |
| 650 ## - SUBJECT ADDED ENTRY--TOPICAL TERM | |
| Topical term or geographic name entry element | Ethnic conflict |
| Geographic subdivision | India |
| -- | Assam. |
| 651 ## - SUBJECT ADDED ENTRY--GEOGRAPHIC NAME | |
| Geographic name | Assam (India) |
| General subdivision | Social conditions. |
| 651 ## - SUBJECT ADDED ENTRY--GEOGRAPHIC NAME | |
| Geographic name | India, Northeastern |
| General subdivision | Ethnic relations. |
| 991 ## - | |
| -- | VIRTUA40 |
| 991 ## - | |
| -- | VTLSSORT0080*0200*0201*0202*0203*0500*0820*1000*2450*2600*3000*4400*5040*5050*6500*6501*6510*6511*9992 |
| 909 ## - | |
| -- | 1055 |
| Withdrawn status | Lost status | Damaged status | Not for loan | Home library | Current library | Date acquired | Total checkouts | Full call number | Barcode | Copy number | Koha item type |
|---|---|---|---|---|---|---|---|---|---|---|---|
| Indian Institute Of Management, Shillong | Indian Institute Of Management, Shillong | 03/08/2009 | 362.87 HUS [ Shelf 76] | 0002500 | Reference |